000 01700nam a2200301 a 4500
005 20240320091047.0
008 210312b bul|||||r ||||||| ||bul||
020 _a9786197404371 (мека подв.)
040 _aBLK
041 _aBUL
_cBUL
080 _aСъдържание, учебна програма, учебни предмети в предучилищното образование
_b373.2.016
_x(497.2)(06)
_z373.2.016(497.2)(06)
139 _aКръгла маса с международно участие на тема 140 години предучилищно образование в България
_bК 92
245 _aКръгла маса с международно участие на тема 140 години предучилищно образование в България [Русе, 10 май 2022]
_bсборник доклади
_cсъстав. Юлия Дончева.
260 _aРусе
_bРегион. библ. Любен Каравелов
_c2022
_9212696
_fРусе : Русенски унив. Ангел Кънчев
300 _a145 с.
_bс цв. ил.
_c22 см
380 _a3
500 _aИзд. Русенски унив. Ангел Кънчев.
650 0 _aПредучилищно образование
_9268557
650 0 _aОбразование - България
_9266901
653 7 _aпредучилищно възпитание
_9194422
653 7 _aюбилеи
_9200927
653 7 _aкръгла маса
_9189462
700 _aДончева, Юлия Георгиева
_9325752
852 _bК
_cК 373/К 92
852 _bП
_c373.2.0160К 92
942 _cKNG
_n0
_s1
_01
944 _aCR
_c2022-08-15
_k30560
_lГеновева Генчева
999 _c470418
_d470418